000 00712nam a2200157 a 4500
008 070202s2006 xx |||||||||||||| || u
050 _aTHE/NKH/SBE/09/2006
100 _aNkhata, Constance
245 1 0 _aFinancial planning
_cthesis by Constance Nkhata and supervised by Dingayo Mzyece
246 _aan assessment of its implication in the Zambian construction industry
260 _a
_bCopperbelt University, School of Built Environment, Department Building Science
_c2006
350 _a0.00
650 _aBUILDING
650 _aCONSTRUCTION INDUSTRY--ZAMBIA
995 _D0.00
_FCBU-MAIN LIBRARY (Kitwe)
_H1
_I0.00
_M1
_UAVAILABLE
_WFeb 2, 2007
_ZUniversity Collection
999 _c43414
_d43414